Search the Library Catalogue
| 000 -LEADER | |
|---|---|
| fixed length control field | 00572nam a2200193 a 4500 |
| 008 - FIXED-LENGTH DATA ELEMENTS--GENERAL INFORMATION | |
| fixed length control field | 260221s2007##################000#0#eng## |
| 020 ## - INTERNATIONAL STANDARD BOOK NUMBER | |
| ISBN | 9789041125941 |
| 082 04 - DEWEY DECIMAL CLASSIFICATION NUMBER | |
| Classification number | 338.47621 |
| Item number | LUS |
| 100 1# - MAIN ENTRY--AUTHOR NAME | |
| Personal name | Zhang, Lusong, |
| 245 10 - TITLE STATEMENT | |
| Title | Regulation of Foreign Mergers and Acquisitions Involving Listed Companies in the People's Republic of China : |
| 260 ## - PUBLICATION, DISTRIBUTION, ETC. (IMPRINT) | |
| Year of publication | 2007. |
| 300 ## - PHYSICAL DESCRIPTION | |
| Number of Pages | 294 pages |
| 650 #0 - SUBJECT ADDED ENTRY--TOPICAL TERM | |
| Topical Term | Business & Economics. |
| 942 ## - ADDED ENTRY ELEMENTS (KOHA) | |
| Koha item type | English Books |
| Withdrawn status | Lost status | Damaged status | Not for loan | Home library | Current library | Shelving location | Date acquired | Full call number | Accession Number | Price effective from | Koha item type |
|---|---|---|---|---|---|---|---|---|---|---|---|
| Anna Centenary Library | Anna Centenary Library | 4TH FLOOR, A WING | 21.02.2026 | 338.47621 LUS | 441835 | 21.02.2026 | English Books |